00421nam a22000857a 4500999001700000008004100017100002100058245012300079952013300202 c16426d16426170708b xxu||||| |||| 00| 0 eng d aNjuguna Frashiah aRoles of corporate social responsibility on profitability of commercial banks: a survey of Commercial Banks in Nakuru 00102lcc70932332aKABUbKABUd2017-07-08l11p027310r2020-03-11 00:00:00s2020-03-11w2017-07-08yTHEzundergraduate project